000 00623nam a22001697a 4500
003 SGT
020 _a9788120350717
082 _a621.3815
_bKUM
100 _aKUMAR,A. ANAND
245 _aDIGITAL SIGNAL PROCESSING
250 _a2ND
260 _aNEW DELHI
_bPHI
_c2015
300 _a959
650 _aELECTRONICS ENGINEERING
653 _aDISCRETE TIME SIGNAL AND SYSTEMS,DISCRETE CONVOLUTION AND CORRELATION, TRANSFORMERS, SYSTEM REALIZATION, DISCRETE TIME FOURIER TRANSFORM, DFS & DFT, FIR FILTERS, MULTI-RATE DIGITAL SIGNAL PROCESSING, DSP PROCESSORS,FINITE WORD LENGTH EFFECTS IN DIGITAL FILTERS,
942 _2ddc
_cBK
999 _c8246
_d8246